01166nas a2200205 a 450000500170000000700030001700800410002004000250006124500660008626000760015230000680022831000180029650000530031494200360036795201350040395201350053895201350067395201350080899900170094320241008113910.0ta241008e2016 dr |||p|r||||||0| ||spa d aDO-SdBNPcBNPHUerda aEl Defensor : bboletín informativo /cDefensor del Pueblo. aSanto Domingo, República Dominicana : bDefensor del Pueblo, c2016.  avolumen : bilustraciones, fotografías, gráficas ; c28 cm. aCuatrimestral a15 de mayo, Aniversario del Defensor del Pueblo. 2ddccISSUEhAño: 2016: No. 2. 00102ddc40758SEaBNPHUbBNPHUd2024-10-08hAño: 2016: No. 2. (enero-abril)l0p2024-5635r2024-10-08te.1w2024-10-08yISSUE 00102ddc40758SEaBNPHUbBNPHUd2024-10-08hAño: 2020: No. 5. (enero-abril)l0p2024-5636r2024-10-08te.2w2024-10-08yISSUE 00102ddc40758SEaBNPHUbBNPHUd2024-10-08hAño: 2020: No. 5. (enero-abril)l0p2024-5637r2024-10-08te.3w2024-10-08yISSUE 00102ddc40758SEaBNPHUbBNPHUd2024-10-08hAño: 2020: No. 5. (enero-abril)l0p2024-5638r2024-10-08te.4w2024-10-08yISSUE c57777d57777